Văn hóa Champa Thừa Thiên - Huế

Saved in:
Bibliographic Details
Format: Book
Published: 2007
Tags: Add Tag
No Tags, Be the first to tag this record!
Institutions: Mạng thư viện Đại học Đà Nẵng
LEADER 00455nam a22001811a 4500
001 000039327
003 15622
005 20160412021948.0
008 160412s2007 000
082 |a 4V(TK)1245-47 
245 |a Văn hóa Champa Thừa Thiên - Huế  |c Lê Đình Phụng 
260 |c 2007 
OWN |a LNN 
999 |a From the UDN01 
TYP |a Monograph 
980 |a Mạng thư viện Đại học Đà Nẵng